Southville International School and Colleges
Your cart is empty.
  • Cart
  • Lists
    Public lists list_1 View all
    Your lists Log in to create your own lists
  • Log in to your account
  • Your cookies
  • Search history
Southville International School and Colleges
  • Advanced search
  • Recent comments
  • Most popular
  • Libraries

Log in to your account

Log in with GOOGLE


If you do not have an external account, but do have a local account, you can still log in:

  1. Home
  2. MARC view: The magic school bus on the ocean floor /
Normal view MARC view ISBD view

The magic school bus on the ocean floor / (Record no. 114612)

[ view plain ]
MARC details
000 -LEADER
fixed length control field 00762nam a2200217 a 4500
005 - DATE AND TIME OF LATEST TRANSACTION
control field 20140414132106.0
008 - FIXED-LENGTH DATA ELEMENTS--GENERAL INFORMATION
fixed length control field 100902s19uu xx 00 eng d
020 ## - INTERNATIONAL STANDARD BOOK NUMBER
International Standard Book Number 0590414305
050 ## - LIBRARY OF CONGRESS CALL NUMBER
Classification number M 591.92
Item number C67 1992
100 ## - MAIN ENTRY--PERSONAL NAME
Personal name Cole, Joanna.
245 ## - TITLE STATEMENT
Title The magic school bus on the ocean floor /
Statement of responsibility, etc by Joanna Cole ; illustrated by Bruce Degen.
260 ## - PUBLICATION, DISTRIBUTION, ETC. (IMPRINT)
Place of publication, distribution, etc New York :
Name of publisher, distributor, etc Scholastic,
Date of publication, distribution, etc 1992.
520 ## - SUMMARY, ETC.
Summary, etc On another special field trip on the magic school bus, Ms. Frizzle�s class learns about the ocean and the different creatures that live there
650 ## - SUBJECT ADDED ENTRY--TOPICAL TERM
Topical term or geographic name as entry element Marine animals
General subdivision Juvenile literature.
650 ## - SUBJECT ADDED ENTRY--TOPICAL TERM
Topical term or geographic name as entry element Ocean bottom
General subdivision Juvenile literature.
650 ## - SUBJECT ADDED ENTRY--TOPICAL TERM
Topical term or geographic name as entry element
700 ## - ADDED ENTRY--PERSONAL NAME
Personal name Degen, Bruce
Holdings
Withdrawn status Lost status Damaged status Use restrictions Home library Current library Shelving location Date acquired Source of acquisition Cost, normal purchase price Total Checkouts Full call number Barcode Date last seen Price effective from Koha item type
        Munich Library Munich Library Main Section 09/02/2010   225.00   M 591.92 C67 1992 M6482 04/14/2014 04/14/2014 Books
        Munich Library Munich Library Main Section 01/15/2011   225.00   M 591.92 C67 1992 M6528 04/14/2014 04/14/2014 Books
        Munich Library Munich Library Main Section 10/26/2011   225.00   M 591.92 C67 1992 M6884 04/14/2014 04/14/2014 Books

The magic school bus on the ocean floor /

APA

Cole J., Degen, . (1992). The magic school bus on the ocean floor. New York: Scholastic.

Chicago

Cole Joanna, Degen, . 1992. The magic school bus on the ocean floor. New York: Scholastic.

Harvard

Cole J., Degen, . (1992). The magic school bus on the ocean floor. New York: Scholastic.

MLA

Cole Joanna, Degen, . The magic school bus on the ocean floor. New York: Scholastic. 1992.

  • Place hold
  • Print
  • Cite
  • Add to your cart (remove)
  • Save record
    BIBTEX Dublin Core MARCXML MARC (non-Unicode/MARC-8) MARC (Unicode/UTF-8) MARC (Unicode/UTF-8, Standard) MODS (XML) RIS
  • More searches
    Search for this title in:
    Other Libraries (WorldCat) Other Databases (Google Scholar) Online Stores (Bookfinder.com) Open Library (openlibrary.org)

Exporting to Dublin Core...

SOUTHVILLE LIBRARY

Southville International School and Colleges Library

1281 Tropical Ave. Cor. Luxembourg St., BF Homes International, Las Pinas City

Tel. No. 8256374 / 252358 Loc. 117/146

Powered by Koha